000 nam a22 a 4500
999 _c106112
_d106112
003 BLK
005 20210203093629.0
008 180409b bul|||||r ||||||| ||bul||
010 _aKNG00111365000
040 _aBLK
041 _aBUL
_cBUL
080 _aИнтелектуална собственост (право)
_b347.77/.78
_z347.77/.78
080 _aИзобретения и открития. Изобретателство. Рационализации. Патенти. Промишлени образци. Вж и 347.77
_b001.894
_z001.894
100 1 _aХефтър, Лорънс Р.
_eпърви автор
_9136922
139 _aХефтър, Лорънс Р. и др.
_bХ 46
245 1 0 _aВъведение в правата на интелектуалната собственост
_cЛорънс Р. Хефтър; съавт. Робърт Д. Литоуиц; прев. на бълг. Румяна Чолакова.
257 _aUSA
260 _bReg. Progr. Office
_c2003
_aVienna
300 _a55 с.
_c26 см
380 _a62
650 4 _aИнтелектуална собственост
_9270182
653 _aинтелектуална собственост
700 1 _aЛитоуиц, Робърт Д.
_eсъавт.
_989176
700 1 _aЧолакова, Румяна
_eпрев. на бълг.
_9375292
852 _aЦб ІІ 12483
_bЦб
856 4 _qpdf
856 4 _qpdf
942 _cKNG
_n0
_s1
944 _aCR
_c26.02.2004
_kЦветанка_Енчева
944 _aED
_c09.03.2004
999 _d106112